Normal view MARC view

Entry Personal Name

Number of records used in: 2

001 - CONTROL NUMBER

  • control field: 63373

003 - CONTROL NUMBER IDENTIFIER

  • control field: dpl

005 - DATE AND TIME OF LATEST TRANSACTION

  • control field: 20240314163951.0

008 - FIXED-LENGTH DATA ELEMENTS

  • fixed length control field: 240314|| aca||aabn | a|a d

040 ## - CATALOGING SOURCE

  • Original cataloging agency: dpl
  • Transcribing agency: dpl

100 ## - HEADING--PERSONAL NAME

  • Personal name: परमार,वीरेंद्र

670 ## - SOURCE DATA FOUND

  • Source citation: Work cat.: (dpl)201276: परमार,वीरेंद्र , उत्तर -पूर्वी भारत के आदिवासी/, 2020

© Delhi Public Library
Hit Counter
free hit counter